000 00584nam a2200229Ia 4500
003 OSt
005 20221005124330.0
006 a|||||r|||| 00| 0
007 ta
008 221004b |||||||| |||| 00| 0 mal d
024 _a60067
037 _cTextual
040 _aCRL
_cCRL
_bmal
041 _2mal
_amal
082 _aO13,2x, 33K5
100 _aRaghavachar K.V. Tr.
_9635046
245 0 _aMooru Greeka natakagalu
260 _c1965
650 _aGREEK LITERATURE
942 _hO13,2x, 33K5
_cTEXL
_2cc
999 _c1050154
_d1050154